[Event "Charlotte Thanksgiving GM 2020"]
[Site "Charlotte"]
[Date "2020.11.30"]
[Round "9.3"]
[White "Balakrishnan, Praveen"]
[Black "Hong, Andrew"]
[Result "1/2-1/2"]
[WhiteElo "2485"]
[BlackElo "2449"]
[Annotator "TA"]
[PlyCount "46"]
[EventDate "2020.11.26"]
[EventType "tourn"]
[EventCountry "USA"]
[SourceTitle "playchess.com"]
[Source "ChessBase"]
[SourceQuality "1"]

{[%evp 17,46,-9,-7,-3,-19,-2,-10,-10,-4,-3,-3,-18,-2,0,0,-11,0,0,0,0,0,0,0,0,0,0,0,0,0,0,0]} 1. e4 e5 2. Nf3 Nc6 3. d4 exd4 4. Nxd4 Nf6 5. Nxc6 bxc6 6. e5 Qe7 7. Qe2 Nd5 8. c4 Ba6 9. b3 g6 {The position is equal.} 10. Ba3 {C45: Scotch Game.} Nb4 11. Bb2 Bg7 12. a3 Nd5 $1 13. Nd2 {[%cal Bb1d2,Bd2e4,Be4f6][%mdl 32]} O-O 14. O-O-O Rfe8 15. Qf3 Nb6 16. Ne4 Bxe5 17. Bxe5 Qxe5 18. Nf6+ {[%mdl 64] [#] Double Attack} Kf8 19. Nxe8 Qa1+ {[%mdl 64] Double Attack} 20. Kc2 Qa2+ 21. Kc1 $1 {[#] Black must now prevent Qc3.} Qa1+ $146 ({Predecessor:} 21... Qxa3+ 22. Kb1 Na4 23. Qf6 Qxb3+ 24. Kc1 Qa3+ 25. Kc2 Qa2+ 26. Kc1 {½-½ (26) Langheld,W (1930)-Oppel,D (1868) GER email 2018}) 22. Kc2 Qa2+ 23. Kc1 $1 {[#] aiming for Qc3.} Qa1+ {A rather calm draw.  Weighted Error Value: White=0.00/Black=0.02} 1/2-1/2

[Event "Charlotte Thanksgiving GM 2020"]
[Site "Charlotte"]
[Date "2020.11.30"]
[Round "9.4"]
[White "Mishra, Abhimanyu"]
[Black "Sheng, Joshua"]
[Result "1/2-1/2"]
[WhiteElo "2338"]
[BlackElo "2474"]
[Annotator "TA"]
[PlyCount "66"]
[EventDate "2020.11.26"]
[EventType "tourn"]
[EventCountry "USA"]
[SourceTitle "playchess.com"]
[Source "ChessBase"]
[SourceQuality "1"]

{[%evp 14,66,37,33,47,56,46,48,61,34,31,25,0,5,24,18,25,0,0,0,0,-12,0,-3,0,0,0,0,0,0,0,-16,-14,-28,-4,-27,-11,-25,-24,-43,-21,-27,-20,-36,0,-35,-35,-35,-35,-35,-28,-28,-18,-31,-35]} 1. e4 c5 2. Nf3 e6 3. d4 cxd4 4. Nxd4 a6 5. c4 Nf6 6. Nc3 Qc7 7. Be2 $1 {[%mdl 4] is recently more successful than 7.a3.} Bb4 8. Nc2 Bxc3+ {B41: Sicilian: Kan Variation: 5 c4.} 9. bxc3 d6 {9...Nc6 is vanishing.} 10. f3 {Strongly threatening Ba3.} Nbd7 {White is slightly better.} 11. O-O Nc5 {[#]} 12. Bg5 $146 ({Predecessor:} 12. Kh1 Bd7 13. Be3 Ba4 14. Qd2 h5 15. Nb4 h4 16. Nd3 h3 17. g3 O-O-O 18. Qe1 {½-½ (74) Fier,A (2544)-Bosboom,M (2403) Amsterdam 2018}) 12... Nfd7 13. Qd2 Ne5 14. Rfd1 f6 15. Bf4 Ke7 16. Ne3 Bd7 17. Rab1 Ba4 18. Rdc1 Rhd8 19. Bg3 Bc6 (19... Kf7 {looks sharper.} 20. Nc2 Kg8 21. Nd4 Bd7 22. Rb4 Rac8) 20. Kh1 (20. Nc2 {is more complex.} Kf7 21. Nd4 Bd7 22. Qe3 Kg8 23. Rb2) 20... Kf8 21. Rd1 Kg8 22. Rb2 Qe7 23. Qc1 Nf7 24. Rbd2 Ba4 25. Re1 Rac8 26. Qa3 Qc7 27. Rb1 Ne5 28. Bd1 Qc6 29. Bxa4 Nxa4 30. Rbd1 Nc5 ({Avoid the trap} 30... Nxc4 $2 31. Nxc4 Qxc4 32. Rd4 $18) 31. Qb4 Nf7 32. h3 Rd7 33. Kh2 Qc7 {White got outplayed after the opening.  Weighted Error Value: White=0.09/Black=0.07} 1/2-1/2